| 000 | 00356nam a2200109Ia 4500 | ||
|---|---|---|---|
| 008 | 160909s9999 xx 000 0 und d | ||
| 100 | _aGagner, David, Sr. | ||
| 245 | _aSustaining dental practices longer than 5 years | ||
| 260 |
_bWalden University. _c2016 |
||
| 650 | _aENTREPRENEURSHIP | ||
| 856 | _uhttp://pqdtopen.proquest.com/doc/1799599808.html?FMT=ABS | ||
| 999 |
_c304417 _d304417 |
||